Le Cinéma - Paroles - Nougaro - Statistiques

Statistiques générales
  • Ce quiz a été pris 8 fois
  • Le résultat moyen est 146 sur 193
Statistiques - réponses
Réponse % Correct
blanche
100%
blanches
100%
cinéma
100%
de
100%
blanches
100%
du
100%
fais
100%
je
100%
Je
100%
le
100%
l'écran
100%
me
100%
mes
100%
noir
100%
nuits
100%
100%
100%
Sur
100%
sur
100%
à
83%
au
83%
bras
83%
c'est
83%
comme
83%
dans
83%
des
83%
dire
83%
en
83%
et
83%
la
83%
les
83%
moi
83%
mon
83%
Pour
83%
que
83%
ta
83%
t'aime
83%
te
83%
Te
83%
tes
83%
toi
83%
tu
83%
avalanche
67%
Bardot
67%
biceps
67%
ça
67%
caméra
67%
coeur
67%
commence
67%
comment
67%
d'estomac
67%
film
67%
flanche
67%
format
67%
grand
67%
gros
67%
hanches
67%
j'ai
67%
ma
67%
mais
67%
manches
67%
mètre
67%
par
67%
partir
67%
pas
67%
peut
67%
plan
67%
plein
67%
pognon
67%
poitrine
67%
prends
67%
puis
67%
quatre-vingts
67%
sans
67%
toujours
67%
un
67%
Un
67%
va
67%
vacances
67%
vedette
67%
voilà
67%
crève
50%
D'abord
50%
dis
50%
faire
50%
lit
50%
m'avance
50%
pourquoi
50%
prendre
50%
revanche
50%
rien
50%
t'emmene
50%
travelling-panorama
50%
Une
50%
vers
50%
arrive
33%
compris
33%
déjà
33%
dimanche
33%
recommence
33%
séquence
33%
Souriant
33%
tombes
33%
y
33%
deux
17%
dix
17%
fois,
17%
fois
17%
j'ouvre
17%
Non
17%
on
17%
parfois
17%
soirs
17%
sonne
17%
tourne
17%
tous
17%
vais-je
17%
vingt
17%
Aucun quiz correspondant
Distribution des résultats
% des personnes avec chaque résultat
Percentile par nombre de réponses
Votre historique - résultats
Vous n’avez pas pris ce quiz